000 00397cam a2200157ua 4500
003 OSt
008 250802b |||||||| |||| 00| 0 eng d
041 _aeng
082 _a510.1
_bRES/MA
100 _aResnik, Michael D .
_97673
245 _aMathematics as a science of patterns /
260 _aOxford :
_bClarendon Press ,
_c1997.
300 _a290 ; .
500 _a**Reference
942 _cBK
999 _c10027
_d10027